Central Library, Doon University
WEBOPAC (ONLINE PUBLIC ACCESS CATALOGUE)

Handbook of Applied Cryptography (Record no. 60809)

MARC details
000 -LEADER
fixed length control field 00560nam a22002057a 4500
005 - DATE & TIME
control field 20260604131630.0
008 - FIXED-LENGTH DATA ELEMENTS--GENERAL INFORMATION
fixed length control field 260515b |||||||| |||| 00| 0 eng d
020 ## - ISBN
International Standard Book Number 9781138385979
Price 4495.00
040 ## - CATALOGING SOURCE
Original cataloging agency Doon University
041 ## - Language
Language English
082 ## - DDC NUMBER
Classification number 005.82
Book Number MEN
100 ## - MAIN ENTRY--PERSONAL NAME
Personal name Menezes, Alfred J.
245 ## - TITLE STATEMENT
Title Handbook of Applied Cryptography
260 ## - PUBLICATION, DISTRIBUTION, ETC. (IMPRINT)
Place of publication, distribution, etc New York
Name of publisher, distributor, etc CRC Pres
Date of publication, distribution, etc 2025
300 ## - PHYSICAL DESCRIPTION
Pages 780
650 ## - Subject
Subject Computer Science (PM (USHA)
700 ## - Added Entry Personal Name
Added Entry Personal Name Oorschot, Paul C. Van
700 ## - Added Entry Personal Name
Added Entry Personal Name Vanstone, Scott A.
942 ## - ADDED ENTRY ELEMENTS (KOHA)
Koha item type Books
100 ## - MAIN ENTRY--PERSONAL NAME
-- 22502
650 ## - Subject
-- 26808
700 ## - Added Entry Personal Name
-- 22503
700 ## - Added Entry Personal Name
-- 22504
952 ## - LOCATION AND ITEM INFORMATION (KOHA)
-- 2026-05-15
952 ## - LOCATION AND ITEM INFORMATION (KOHA)
-- 2026-06-05
952 ## - LOCATION AND ITEM INFORMATION (KOHA)
-- 2026-06-05
Holdings
Withdrawn status Lost status Source of classification or shelving scheme Damaged status Not for loan Location (home branch) Sublocation or collection (holding branch) Date acquired Koha issues (times borrowed) Koha full call number Accession No. Koha date last seen Koha item type
        Not For Loan Doon University Doon University 15.05.2026   005.82 MEN 33167 15.05.2026 Reference
          Doon University Doon University 05.06.2026   005.82 MEN 34486 05.06.2026 Books
          Doon University Doon University 05.06.2026   005.82 MEN 34487 05.06.2026 Books
Contact : +91-135-2533126 (Library),+91-135-2533105 (Admin Office) , Email : doonlibrary@gmail.com

Powered by Koha